000 00865nmm a2200265 a 4500
001 ocm000884541
003 TR-IsHL
005 20201028144138.0
008 141121s2012 tu tur
007 cr cn
020 _a9786054049578
035 _a884541
_b(N$T)
050 0 4 _aHX39
_b.A35 2012
090 0 4 _aHX39
_b.A35 2012
100 1 _aAkın, Kadir
245 1 0 _aSosyalizmim krizi: birlik ve yeniden kuruluş, röportajlar
_h[electronic resource] /
_cKadir Akın
260 _aİstanbul :
_bPencere Yayınları,
_c2012
300 _a257 p.
650 4 _aSosyoloji
650 4 _aSociology
650 0 _aSosyalizm
650 0 _aSocialism
650 7 _aPOLITICAL SCIENCE / Political Ideologies / Communism, Post-Communism & Socialism
_2bisacsh
856 4 0 _uhttp://search.ebscohost.com/login.aspx?direct=true&scope=site&db=e011xww&AN=884541
999 _c9273
_d9273